000 00426pab a2200157 454500
008 180718b2013 xxu||||| |||| 00| 0 eng d
100 _aDangmei, Soihiamlung
245 _aCultural positioning of tribes in North-east India: Mapping the evolving Heraka identity
260 _c2013
300 _ap.27-30.
362 _a5 Jan
650 _aTribes
773 _aEconomic and Political Weekly
908 _aN
909 _a98671
999 _c98670
_d98670